[Event "EU-ch 13th"]
[Site "Plovdiv"]
[Date "2012.03.28"]
[Round "8"]
[White "Caruana, Fabiano"]
[Black "Jones, Gawain C B"]
[Result "1/2-1/2"]
[WhiteElo "2767"]
[BlackElo "2635"]
[Annotator "Jones,G"]
[PlyCount "82"]
[EventDate "2012.03.20"]
[EventType "swiss"]
[EventRounds "11"]
[EventCountry "BUL"]
[SourceTitle "CBM 148"]
[Source "ChessBase"]
[SourceDate "2012.05.16"]
[SourceVersion "1"]
[SourceVersionDate "2012.05.16"]
[SourceQuality "1"]

1. d4 {Already a slight surprise. Fabiano is generally a 1.e4 player. 95% of
my preparation wasted but I had looked at this for about ten minutes that
morning.} Nf6 2. c4 g6 3. Nc3 Bg7 4. e4 d6 5. f3 {I'd seen the Italian had
previously tried the Sämisch so I wasn't caught completely off-guard. Luckily
I had prepared this line for my game against Gupta at the London Open and so I
at least had some idea.} O-O 6. Be3 Nc6 7. Qd2 a6 8. Nge2 Rb8 9. Rc1 Bd7 10.
Nd1 b5 {Delaying moving my e-pawn to try and play ...e5 in one go.} ({I had
this position back in the European Team Championships and there tried} 10... e6
11. g3 Re8 12. Bg2 b5 13. c5 dxc5 14. Rxc5 Bf8 15. Rc1 e5 16. d5 Bb4 17. Nec3
Nd4 $5 {with a really crazy game which eventually boiled down to a draw in
Bartel, M (2653)-Jones,G (2635) European Team Championships 2011. I'm sure
Caruana had an improvement prepared here somewhere.}) 11. c5 {White's typical
method of dealing with ...b5. The b-file remains closed while White manages to
get pressure on the c-file. This was the point of the strange looking knight
retreat on the previous move.} Re8 $5 {This was my idea. Although not actually
a novelty, Black has played this very rarely and it's not really surprising.
Black's move looks very odd: The d4-d5 advance hasn't been countered while
it's not clear what the point of the rook move is. However if you went through
my game against Bartel you'd see the idea; Black vacates the f8-square in
order that the bishop can drop back hitting the rook on c5.} 12. Nf2 (12. d5 {
initially looks promising but White is in danger of over-extension, e.g.} Ne5
13. c6 Bc8 14. Nf4 e6 {and I'll be able to open up the centre when Black is
certainly fine.}) 12... dxc5 13. Rxc5 e5 14. d5 Ne7 15. Nd3 {After a long
think Fabiano comes up with a move that I hadn't examined and I was now on my
own.} (15. Qc1 {hitting the c7-pawn is critical but then Black has the
interesting possibility:} Bf8 ({The organiser of the London Classic, IM
Malcolm Pein, sent me an email with his effort after seeing my game. However
he wasn't sure what to do after} 15... c6 $5 16. dxc6 Nxc6 17. Rxc6 Bxc6 18.
Qxc6 Qa5+ 19. Qc3 Qxa2 {White's two pieces will outweigh the rook and pawn in
the long term so it's a question of whether Black can manage enough
compensation before White sorts out his minor pieces and gets castled.} 20. Nc1
Qa1 (20... Qa4 {is the computer's suggestion so that c2 is covered, e.g.} 21.
Be2 Rec8 (21... Nh5 $5) 22. Qd2 Rc2 23. b3 Rxd2 24. bxa4 Rc2 25. axb5 axb5 {
and Black has survived into the endgame where the rook and pawn should be
stronger but still White has a pleasant edge.}) 21. Nfd3 $6 Nd5 $1 22. Qd2 Nxe3
23. Qxe3 Rbc8 24. Be2 Qa5+ 25. Kf2 Bf8 26. Bd1 Qc7 27. Bb3 a5 28. Ne2 Bc5 29.
Nxc5 Qxc5 30. Rd1 a4 31. Bd5 {Galopoulos,N (2430)-Pein,M (2382) Neos Marmaras
2012. Here had Black played} Qxe3+ 32. Kxe3 Rc2 33. Rb1 (33. Rd2 Rxd2 34. Kxd2
b4) 33... b4 {I don't think he should be worse.}) 16. Rxc7 Nexd5 $1 {
sacrificing a piece to open up White's position and try to exploit White's
delayed kingside development. The e2-knight gets in the way of the bishop's
development. Of course Black has to play dynamically but I think he has good
chances.}) 15... c6 {It's logical to try and undermine White's centre. The
position is very interesting: White has more space and a better structure and
should he get time to complete his development he will stand better. It's
vital therefore that Black fights back dynamically as quickly as possible.} 16.
d6 Nc8 17. Ng3 (17. Nxe5 $6 {is premature as} Nxe4 $1 18. fxe4 Bxe5 {is great
for Black. He'll pick up at least the pawn on d6.}) 17... Nxd6 18. Nxe5 Rxe5 $5
{Around here I thought for a long time to find the right plan.} (18... Qc7 {
is the computer's suggestion but I was concerned that} 19. Bf4 {would leave me
in a horrible pin. However the computer has no fear and claims the simple} Re6
{defending the knight is actually a little better for Black.}) 19. Rxe5 Nd5 $5
{Trapping the rook in the centre of the board.} (19... Ng4 {was my original
intention and probably stronger. I was scared by} 20. Bg5 {However the
computer informs me that} ({Being greedy and trying to hold onto the exchange
with} 20. Rc5 $6 {is dubious:} Nxe3 21. Qxe3 {when} Qb6 {was my idea. Black
threatens ...Nb7 picking up the exchange. Black's control of the dark squares
is far more important than the nominal material advantage.}) 20... f6 $1 {
is actually fine for Black. Following} 21. fxg4 fxg5 22. Qxd6 {it looks like
White is doing well but} Bxg4 $1 {exchanging queens and leaving White a whole
rook up is actually good for Black. The rook can't escape as} 23. Qxd8+ Rxd8
24. Rxg5 $4 Rd1+ 25. Kf2 Bd4#) 20. Bd4 $1 {It's important to force my next
weakness.} f6 21. Bc5 (21. Rxd5 cxd5 22. exd5 {is similar to the game. Here
the computer suggests} Nf5 {with equality.}) 21... Nf7 22. Rxd5 ({Perhaps
White's last meaningful try for the win was} 22. Rh5 $5 {The position becomes
pretty crazy after} gxh5 23. exd5 h4 {Black's fractured kingside pawns look
vulnerable but there is past experience in the Samisch with Fischer happily
allowing his opponent to force ...gxh5.} 24. dxc6 Rc8 $1 25. Qxd7 Qxd7 26. cxd7
Rxc5 27. Ne4 Re5 28. Kd1 Rd5+ 29. Kc2 Rxd7 {with equality.}) 22... cxd5 23.
exd5 {White has an extra pawn but he is still behind in development and so I
have full compensation.} (23. Qxd5 {was also possible but both Fabiano and I
thought this was an extremely dangerous way of playing.}) 23... f5 24. Be2 Qf6
25. b4 Rd8 {Lining up on the d5 pawn.} 26. f4 Bc6 27. Bf3 Qc3 $1 {Winning the
d5-pawn and liquidating into a drawn endgame.} 28. Qxc3 Bxc3+ 29. Ke2 Bxd5 30.
Bxd5 Rxd5 31. Rc1 Bf6 32. Be3 Rd6 33. Rc8+ Nd8 (33... Rd8 34. Rc6 Rd6 {was a
safer path to the draw.}) 34. Nf1 Rc6 35. Ra8 Kf7 36. Ra7+ Be7 {This is a
little inaccurate.} (36... Kg8 37. Nd2 Ne6 {is equal as} 38. Nb3 Rc2+ {is fine
for Black.}) 37. Bc5 (37. Nd2 Ne6 38. a3 Ke8 $1 {should also be drawn but
Black has to be slightly more careful.}) 37... Re6+ 38. Ne3 Nc6 39. Rb7 Ke8 40.
Bxe7 Rxe7 (40... Nxe7 41. Kd3 Re4 {looks tempting but} 42. a3 {is fine for
Black as} Rxf4 $4 43. Rxe7+ Kxe7 44. Nd5+ {would be tragic.}) 41. Rxe7+ Kxe7 {
And I offered a draw which Fabiano accepted. An interesting game and it was
nice to hold my own against one of the top ten in the world.} 1/2-1/2

[Event "Biel GM 45th"]
[Site "Biel"]
[Date "2012.07.26"]
[Round "4"]
[White "Giri, Anish"]
[Black "Wang, Hao"]
[Result "0-1"]
[WhiteElo "2696"]
[BlackElo "2739"]
[Annotator "Krasenkow,M"]
[PlyCount "114"]
[EventDate "2012.07.23"]
[EventType "tourn"]
[EventRounds "10"]
[EventCountry "SUI"]
[EventCategory "21"]
[SourceTitle "CBM 150"]
[Source "ChessBase"]
[SourceDate "2012.09.14"]
[SourceVersion "1"]
[SourceVersionDate "2012.09.14"]
[SourceQuality "1"]

1. d4 Nf6 2. c4 g6 3. Nc3 Bg7 4. e4 d6 5. f3 O-O 6. Be3 Nc6 7. Nge2 a6 8. Qd2
Rb8 9. Rc1 Bd7 10. Nd1 Re8 11. Nf2 b5 12. c5 dxc5 13. Rxc5 e5 14. d5 Ne7 {
This entertaining system was thoroughly examined in CBM 148, annotations to
Caruana - Jones by GM Gawain Jones.} 15. g3 $6 $146 {A passive move, after
which Black obtains an excellent position.} (15. Nd3 c6 16. d6 Nc8 17. Ng3 (17.
Nxe5 $6 Nxe4 $1 18. fxe4 Bxe5 $17 {0-1 Mamedjarova,T (2284)-Isgandarova,K 
(2207)/Gaziantep 2008/CBM 125 Extra (32)}) (17. Nb4 Re6 (17... Bf8 18. Nxa6 Ra8
19. Nc7 Rxa2 20. Nxe8 Qxe8 {0-1 Svetushkin,D (2553)-Golubev,M (2527)/playchess.
com INT 2004/EXT 2005 (49)} 21. Nc1 Ra1 22. Bd3 Nxd6 23. b3 $14) 18. Nxc6 Bxc6
19. Rxc6 Rxd6 20. Rxd6 Nxd6 21. Nc3 Qc7 22. Bg5 b4 23. Nd5 Nxd5 24. Qxd5 Nb5
$11 {1-0 Ermenkov,E (2471)-Pancevski,F (2241)/Struga 2002/CBM 089 ext (49)})
17... Nxd6 18. Nxe5 Rxe5 (18... Qc7 19. Bf4 Re6 $15 {G.Jones}) 19. Rxe5 Ng4 (
19... Nd5 20. Bd4 f6 21. Bc5 Nf7 22. Rxd5 cxd5 23. exd5 f5 24. Be2 Qf6 25. b4
Rd8 $44 {1/2 Caruana,F (2767)-Jones,G (2635)/Plovdiv 2012/CBM 148/[Jones,G] 
(41)}) 20. Bg5 f6 $1 21. fxg4 fxg5 22. Qxd6 Bxg4 $1 23. Qxd8+ Rxd8 24. Be2 $1 (
24. Rxg5 $4 Rd1+ 25. Kf2 Bd4# {G.Jones}) 24... Bxe2 25. Re7 Bd3 26. e5 Rd5 $36)
(15. Qc1 {is crucial:} Bf8 $5 (15... Rb7 16. Rc2 Qa8 17. Nd3 c6 18. dxc6 Nxc6
19. Rxc6 Bxc6 20. Qxc6 Rc8 21. Qd6 b4 22. Nec1 $16 {1/2 Khenkin,I (2632)
-Sebenik,M (2529)/Plovdiv 2012/CBM 148 (41)}) (15... c6 16. dxc6 Nxc6 17. Rxc6
Bxc6 18. Qxc6 Qa5+ (18... Bf8 19. Qc3 Rc8 20. Qd2 Qc7 21. Nc1 Bc5 22. Bxc5 Qxc5
23. Nb3 Qb6 24. Bd3 Nh5 25. g3 $16 {1/2 Graf,A (2635)-Nunn,J (2611)/Germany
2003/CBM 094/[Hazai] (87)}) 19. Qc3 Qxa2 20. Nc1 Qa4 (20... Qa1 {1-0
Galopoulos,N (2430)-Pein,M (2382)/Neos Marmaras GRE 2012/The Week in Chess 911
(65)} 21. Be2 Rbc8 22. Qd2 Red8 23. Nfd3 $16) 21. Be2 Rec8 22. Qd2 Rc2 23. b3
Rxd2 24. bxa4 Rc2 25. axb5 axb5 $14 {G.Jones}) 16. Rxc7 Nexd5 $1 17. exd5 Bb4+
18. Rc3 Nxd5 $132 {M.Pein. This line needs more investigation.}) 15... c6 $1
16. dxc6 (16. d6 Nc8 {[%csl Rd6][%cal Ye8e6,Yg7f8,Yc8d6]}) 16... Nxc6 17. Rc1 (
17. Bh3 Nd4 $1 18. Nxd4 exd4 19. Bf4 (19. Bxd4 $2 Bxh3 20. Nxh3 Nxe4 $1 $19)
19... Bxh3 20. Nxh3 Rc8 21. Rxc8 Qxc8 22. Nf2 Qe6 23. a3 Nd5 24. Nd3 Qh3 $36)
17... Rc8 18. Bg2 Be6 19. b3 {White can try to give up a pawn but complete
development:} (19. Qxd8 Rexd8 20. O-O {but Black can reject the gift obtaining
a positional advantage instead:} Bc4 (20... Bxa2 $143 21. Bh3 Be6 22. Bxe6 fxe6
23. Rc3 {with drawing chances}) 21. Rfe1 Bxe2 22. Rxe2 Nd4 23. Ree1 Nc2 24. Re2
Nxe3 25. Rxc8 Rxc8 26. Rxe3 Rc2 $17) 19... Qxd2+ 20. Bxd2 Red8 21. Bg5 (21. Rd1
Bf8 22. O-O {may be relatively better. If} Bc5 {then} 23. Bg5 Kg7 $140 24. Rxd8
Rxd8 25. Rc1) 21... Nb4 $1 {[%csl Ra2]} 22. Nc3 Rd7 23. Ke2 $6 {The king will
be vulnerable here.} (23. O-O $142 Rdc7 24. Rfd1 $1 h6 25. Bd2 $17) 23... Rdc7
24. Bd2 Bf8 25. Bh3 Nc6 $1 $19 {[%cal Rc6d4,Rf8a3] White can't defend all his
weaknesses and avoid material losses.} 26. Nd5 (26. Bxe6 Nd4+ 27. Kd1 fxe6 $19
{[%cal Rf8a3,Rd4f3]}) 26... Nxd5 27. exd5 Nd4+ 28. Ke3 Rxc1 29. Rxc1 Rxc1 30.
Bxc1 Bxd5 31. Ne4 Bg7 {Black could have proceeded more energetically, winning
a second pawn:} (31... Bh6+ 32. f4 (32. Kf2 Bxe4 33. Bxh6 Nxf3 34. Bg2 $140
Nxh2 $1) 32... Nc2+ 33. Kd3 Nb4+ 34. Ke3 Bxe4 35. Kxe4 f5+ $1 36. Ke3 Nxa2 37.
Bd2 Kf7 38. Kd3 e4+ 39. Kc2 Bf8 40. Kb2 Bb4 41. Kxa2 Bxd2 {, and White is
absolutely hopeless despite the opposite-coloured bishops.}) {Of course, White
has no chances whatsoever after the text move either.} 32. g4 f5 33. gxf5 gxf5
34. Nd2 Kf7 35. Bb2 Kg6 36. Bg2 Ne6 37. Kf2 Kf6 38. a4 Bf8 39. axb5 axb5 40.
Bf1 Bb4 41. Nb1 Bc5+ 42. Kg3 Bd4 43. Bxd4 Nxd4 44. Nc3 Bxf3 45. Nxb5 f4+ 46.
Kf2 Nxb5 47. Kxf3 Nd4+ 48. Kg4 Nxb3 49. Bd3 h6 50. Bb5 Nd2 51. Bc6 Ke6 52. Bb7
Kd6 53. h4 Kc5 54. Kh5 f3 55. Kxh6 e4 56. h5 f2 57. Ba6 Nc4 0-1